| 000 | 00970nam a22003017a 4500 | ||
|---|---|---|---|
| 005 | 20221203124054.0 | ||
| 008 | 221202b ||||| |||| 00| 0 eng d | ||
| 020 | _a9788195888016 | ||
| 040 | _cAL | ||
| 041 | _aeng | ||
| 082 |
_223 _a659.1 _bDSOA |
||
| 100 |
_aPaul Dsouza _964681 |
||
| 100 |
_dPavana _964588 |
||
| 245 | _aAdvertising skills | ||
| 260 |
_aMangalore _bUnited Agencies _c2022 |
||
| 300 |
_avi,74p. _bPB _c21x13cm. |
||
| 365 |
_2Management _a6092 _b56.00 _c₹ _d70.00 _e20% _f24-11-2022 |
||
| 520 | _aAdvertising Skillls for the third semester open elective paper. The book is prepared as per the NEP syllabus. | ||
| 650 |
_aMedia Decisiosns _964589 |
||
| 650 |
_aMessage Development _964590 |
||
| 650 |
_aMeasuring Advertising Effectiveness _964591 |
||
| 650 |
_aAdvertising Agency _964592 |
||
| 650 |
_aNEP Syllabus _964596 |
||
| 650 |
_aIII SEM BCom _964597 |
||
| 700 |
_aDSOUZA (Paul) _964593 |
||
| 700 |
_aPAVANA _964594 |
||
| 942 |
_2ddc _cBK |
||
| 999 |
_c225411 _d225411 |
||